Statistics for Singers By Songs

Click here to take the quiz!

General Stats

  • This quiz has been taken 58 times
  • The average score is 8 of 11

Answer Stats

Song TitleSinger% Correct
RoarKaty Perry
98%
Shake It OffTaylor Swift
96%
Bad RomanceLady Gaga
91%
DiamondsRihanna
91%
SorryJustin Bieber
87%
Waka WakaShakira
82%
HaloBeyoncé
80%
We Don't Talk AnymoreCharlie Puth And Selena Gomez
71%
DespacitoLuis Fonsi ft. Daddy Yankee
64%
WolvesSelena Gomez
51%
YoungThe Chainsmokers
4%

Score Distribution

Percentile by Number Answered

Percent of People with Each Score

Your Score History

You have not taken this quiz